| 000 | 00420cam a22001337a 4500 | ||
|---|---|---|---|
| 008 | 180718b2006 xxu||||| |||| 00| 0 eng d | ||
| 020 | _a818813452 | ||
| 082 | _aQ09 Sh84 | ||
| 100 | _aShreevastav K.N.P | ||
| 245 |
_aRed Cross : A Seed in Magnitude _cBy K.N.P.Shreevastav |
||
| 260 |
_aNew Delhi _bSatyam Publishing House _c2006 |
||
| 300 | _a430p. | ||
| 650 | _aInternational Red Cross and Red Crescent Movement -- History | ||
| 999 |
_c503094 _d503094 |
||